000 00976cab a2200289 4500
001 ABS52668
008 090401t1995 xxu||||| |||| 00| 0 eng d
035 _a(Sirsi) u89759
041 _aeng
245 _aBuilding materials: flooring
260 _c1995
350 _a0
490 _aBuilding
_vSupplement 260(7887) 7 April 1995 (LOAN)
520 _aIncludes items on floor insulation and Part L of the Building Regulations, failure of hospital floors, importance of the correct screed, underfloor cabling systems and product information.
650 _aBONDED SCREEDS
650 _aBUILDING REGULATIONS
_96224
650 _aBUILT ENVIRONMENT-BUILDING ELEMENTS-COMPLETE BUILDING ELEMENTS-FLOORS
650 _aHOSPITALS
650 _aPERFORMANCE
650 _aSCREEDS
650 _aSUBFLOORS
650 _aTHERMAL INSULATION
650 _aUNDERFLOOR CABLING SYSTEMS
690 _aBUILT ENVIRONMENT-BUILDING MATERIALS
942 _n0
948 _c04/03/1997
999 _c56812
_d56812